| 000 | 00482nam a2200181Ia 4500 | ||
|---|---|---|---|
| 999 |
_c1271 _d1271 |
||
| 003 | OSt | ||
| 005 | 20200928150510.0 | ||
| 008 | 190216s9999||||xx |||||||||||||| ||und|| | ||
| 040 | _coclc | ||
| 082 |
_a585 _bCHO/T |
||
| 100 |
_aChopra, G L _94946 |
||
| 245 | 0 |
_aA Text Book Of Gymnosperms / _cG L Chopra |
|
| 250 | _a16th Ed. | ||
| 260 |
_bS Nagin And Co, _c1976. _aDelhi: |
||
| 300 | _a218p | ||
| 650 | _aBotany | ||
| 942 |
_cBK _2ddc _h585 _iCHO/T _k585 _mCHO/T |
||